00972cam a2200229 a 450000100100000000500170001000800410002702000150006804000280008308200220011110000400013324500430017326001180021630000210033450501300035565000360048565000370052191000340055804900090059295201260060199900150072700001004120200929161820.0870717s1989 pr 001 0 spa  a0865814155 aDO-SdBNPbspacLCdBNGR aPR861.44bS718ó1 aSoto Velez, Clemente,d1905-92500510aObra poética /cClemente Soto Velez. aSan Juan, Puerto Rico :bInstituto de Cultura Puertorriqueña, División de Publicaciones y Grabaciones,c1989. a450 p. ;c23 cm.1 aIntroducción por Luis Hernández Aquino -- Escalio -- Abrazo interno -- Arboles -- Caballo de palo -- La tierra prometida. 4aPoesía puertorriqueña91015 4aLiteratura puertorriqueña9250 aCatalogación por copia / LC aBNGR 001052708MOaGRbGRcCTd2009-10-02iLF1l0oPR861.44 S718óp10041-10r2020-06-25w2020-06-25y2ZPréstamo interno c9800d9800